00789nam a2200241 4500003000400000005001700004008004100021020001500062040002300077041000800100050002600108100010600134245006300240264003300303300001800336336002200354337002400376338002400400650005600424700003500480942001500515999001700530OSt20260530113917.0260508b2002 |||||||| |||| 00| 0 spa d a9874348593 aICIbspacICIerda aspa aNK1169.8.A7bD57 2015 aHeiner Jacob, Silvia Fernández, Javier de Ponti, Valentina Mangioni, Alejandra Gaudioeautor934261 aDiseño b Hfg Ulm, América Latina, Argentina, La Plata aArgentinabLos autoresc2002 a137 Páginas 2rdacontentatexto 2rdamediaasin medio 2rdacarrieravolumen aDiseño industrialxEnseñanzazArgentina.934262 aGui BonsiepeePrólogo934263 2lccn1cBK c12336d12336